000 00571nam a22001817a 4500
003 0
005 20160609170256.0
008 101216t xxu||||| |||| 00| 0 eng d
040 _aBUAC
_cBEPAC
100 _aAgbinoukoun, Amélévi Sèmèvo
_912672
130 _lfr
_912673
245 _aGestion des réssources en eau (GRE) au Bénin:Apport quantitatif du bassin du fleuve ouémé
260 _aAbomey-Calavi
_bEPAC-UAC
_c26.APE/AGB
300 _a80p.
650 _aRESSOURCE EN EAU
_bFLEUVE OUEME
_912674
700 _aGbaguidi , Robert Fructueux
_912675
942 _cTHE
999 _c48633
_d48633